000 00411nam a22001457a 4500
020 _a9788120355234
040 _cNust
082 _a515.35
_bAHS
100 _aZafar Ahsan
_9123453
245 _aDifferential Equations and their applications
250 _a2nd Edition
260 _aNew Delhi:
_bPHI Learning India,
_c2004.
650 _aDifferential Equations and their applications
_9123454
942 _2ddc
_cBK
999 _c610280
_d610280